Quiz sur Maisons-Laffitte - Statistiques

Statistiques générales
  • Ce quiz a été pris 33 fois
  • Le résultat moyen est 9 sur 15
Statistiques - réponses
Hint Réponse % Correct
Nom du RER qui passe par Maisons-Laffitte RER A
93%
Animal symbole de la ville Le Cheval
85%
Nom du département dans lequel se situe Maisons-Laffitte Les Yvelines
85%
Patisserie inventée à Maisons-Laffitte portant le nom de deux autres villes Paris-Brest
85%
Nom des habitant·es de Maisons-Laffitte Les Mansonniens
81%
Imitateur sur TF1 qui possède une écurie à Maisons-Laffitte Nicolas Canteloup
78%
Nom du Maire depuis 1989 Jacques Myard
63%
Actrice anglais qui a vécu à Maisons-Laffitte jusqu'à ses cinq ans Emma Watson
56%
Nom de la course organisée par le club d'athlétisme qui a lieu chaque année depuis 2021 La Mansonnienne
52%
Nom de l'avenue qui relie la gare et l'entrée du Parc Avenue de Longueil
44%
Nom de l'île sur la Seine qui abrite les clubs de tir à l'arc et de rugby Île de la Commune
44%
Influenceur s'étant fait connaître dans la saison 4 des 10 couples parfaits ayant vécu à Maisons-Laffitte Sebby Daddy
44%
Nom de l'architecte du château de Maisons-Laffitte François Mansart
37%
Numéro de la ligne de bus qui réalise un circuit urbain Ligne 12
37%
Cinéaste né à Maisons-Laffitte en 1889 Jean Cocteau
26%
Aucun quiz correspondant
Distribution des résultats
% des personnes avec chaque résultat
Percentile par nombre de réponses
Votre historique - résultats
Vous n’avez pas pris ce quiz